Top 20 Countries with the Highest Nominal GDP - Statistics

General Stats
  • This quiz has been taken 13 times
  • The average score is 19 of 20
Answer Stats
Nominal GDP Answer % Correct
$2.12 T Australia
100%
$2.51 T Canada
100%
$20.85 T China
100%
$5.45 T Germany
100%
$4.15 T India
100%
$2.74 T Italy
100%
$4.38 T Japan
100%
$1.39 T Saudi Arabia
100%
$2.09 T Spain
100%
$4.26 T United Kingdom
100%
$2.64 T Brazil
92%
$3.6 T France
92%
$1.54 T Indonesia
92%
$2.12 T Mexico
92%
$2.66 T Russia
92%
$1.93 T South Korea
92%
$32.38 T United States
92%
$1.45 T Netherlands
85%
$1.15 T Switzerland
85%
$1.64 T Turkey
85%
No matching quizzes found
Score Distribution
Percent of People with Each Score
Percentile by Number Answered
Your Score History
You have not taken this quiz